[Event "Paranaense-ch (Women) 2013"]
[Site "Curitiba"]
[Date "2014.01.19"]
[Round "5.8"]
[White "Fernandes, Paola Helena da Sil"]
[Black "Kihara, Beatriz Juliani"]
[Result "1-0"]
[WhiteElo "1800"]
[BlackElo "1710"]
[PlyCount "79"]
[EventDate "2014.01.17"]
[EventType "swiss"]
[EventRounds "6"]
[EventCountry "BRA"]
[SourceTitle "EXT 2022"]
[Source "ChessBase"]
[SourceDate "2021.10.06"]
[SourceVersion "1"]
[SourceVersionDate "2021.10.06"]
[SourceQuality "1"]

1. e4 e5 2. Nf3 Nc6 3. d4 d6 4. dxe5 dxe5 5. Qxd8+ Kxd8 6. Bb5 Bd7 7. Nc3 a6 8. Bxc6 Bxc6 9. Nxe5 Bb4 10. Nxf7+ Ke8 11. Nxh8 Bxc3+ 12. bxc3 Bxe4 13. 0-0 Bxc2 14. Re1+ Kf8 15. Ba3+ Ne7 16. Rxe7 b5 17. Re2+ Kg8 18. Rxc2 Kxh8 19. Re2 Kg8 20. Rae1 c6 21. Re8+ Rxe8 22. Rxe8+ Kf7 23. Re7+ Kf6 24. Rc7 Ke6 25. Rxc6+ Kd5 26. Rxa6 Kc4 27. Rb6 h6 28. Bf8 Kxc3 29. Rxb5 Kc4 30. Rb8 Kd5 31. a4 Kc6 32. a5 Kc7 33. Rb1 Kd7 34. a6 Ke6 35. a7 Kf6 36. a8Q Kg5 37. Qf3 Kg6 38. Rb6+ Kh7 39. Qg3 Kg8 40. Qxg7# 1-0

[Event "Paranaense-ch (Women) 2013"]
[Site "Curitiba"]
[Date "2014.01.17"]
[Round "2.3"]
[White "Kihara, Beatriz Juliani"]
[Black "Cathcart, Joice"]
[Result "0-1"]
[WhiteElo "1710"]
[BlackElo "1844"]
[PlyCount "58"]
[EventDate "2014.01.17"]
[EventType "swiss"]
[EventRounds "6"]
[EventCountry "BRA"]
[SourceTitle "EXT 2022"]
[Source "ChessBase"]
[SourceDate "2021.10.06"]
[SourceVersion "1"]
[SourceVersionDate "2021.10.06"]
[SourceQuality "1"]

1. e4 d6 2. Nf3 Nf6 3. Nc3 g6 4. Bc4 Bg7 5. Ng5 0-0 6. Bxf7+ Rxf7 7. Nxf7 Kxf7 8. 0-0 Nc6 9. d3 Bg4 10. f3 Bd7 11. Ne2 e6 12. c4 Qe7 13. Nc3 Ne5 14. Qe2 Kg8 15. b3 Rf8 16. Qe3 Nc6 17. Nb5 Ne8 18. d4 a6 19. Nc3 Bxd4 20. Qxd4 Nxd4 21. Be3 Nc2 22. Rad1 Nxe3 23. Rfe1 Nxd1 24. Rxd1 Qg5 25. g3 Qe3+ 26. Kg2 Qxf3+ 27. Kg1 Qxc3 28. Re1 Qxe1+ 29. Kg2 Qf1# 0-1

[Event "BRA-ch U20 Girls"]
[Site "Shelton"]
[Date "2013.06.14"]
[Round "4"]
[White "Costa, Ane Caroline"]
[Black "Kihara, Beatriz Juliani"]
[Result "1-0"]
[WhiteElo "1784"]
[BlackElo "1752"]
[PlyCount "57"]
[EventDate "2013.06.13"]
[EventType "swiss"]
[EventRounds "7"]
[EventCountry "BRA"]
[SourceTitle "CBM 154 Extra"]
[Source "ChessBase"]
[SourceDate "2013.06.25"]
[SourceVersion "2"]
[SourceVersionDate "2013.06.25"]
[SourceQuality "1"]

1. e4 e5 2. Nf3 Nc6 3. Bc4 Bc5 4. 0-0 Qe7 5. d3 Nf6 6. Nc3 0-0 7. Bg5 h6 8. Bh4 d6 9. Nd5 g5 10. Nxe7+ Nxe7 11. Bg3 Bg4 12. h3 Bxf3 13. Qxf3 Nd7 14. h4 Ng6 15. hxg5 hxg5 16. Qf5 Ne7 17. Qxd7 Nc8 18. Qxc7 b6 19. Qb7 Ne7 20. Qxe7 Bd4 21. c3 b5 22. Bd5 Bc5 23. Bxa8 Rxa8 24. Qxg5+ Kf8 25. Qh6+ Ke8 26. Qh8+ Kd7 27. Qxa8 Ke6 28. Bh4 f6 29. Qe8# 1-0

[Event "BRA-ch U20 Girls"]
[Site "Shelton"]
[Date "2013.06.13"]
[Round "2"]
[White "Kihara, Beatriz Juliani"]
[Black "Tavares, Tayra Maria"]
[Result "0-1"]
[WhiteElo "1752"]
[BlackElo "1685"]
[PlyCount "56"]
[EventDate "2013.06.13"]
[EventType "swiss"]
[EventRounds "7"]
[EventCountry "BRA"]
[SourceTitle "CBM 154 Extra"]
[Source "ChessBase"]
[SourceDate "2013.06.25"]
[SourceVersion "2"]
[SourceVersionDate "2013.06.25"]
[SourceQuality "1"]

1. e4 e6 2. Nf3 d5 3. Qe2 Be7 4. c3 c5 5. a4 Nc6 6. g4 Nf6 7. h4 Nxe4 8. Ng5 Nxg5 9. hxg5 Bxg5 10. f3 Bd7 11. Qf2 b6 12. b4 cxb4 13. cxb4 Nxb4 14. Na3 Bxa4 15. Rb1 Nc2+ 16. Nxc2 Bxc2 17. Bb5+ Kf8 18. Bc6 Bxb1 19. Bxa8 Qxa8 20. Qd4 Qc6 21. Qe5 Qxc1+ 22. Kf2 Qxd2+ 23. Kg3 Ke7 24. Qe4 Bxe4 25. fxe4 Qf4+ 26. Kg2 Qxe4+ 27. Kh2 Bf4+ 28. Kh3 Qxh1# 0-1